Stolice Państw Australii i Oceanii - Statystyki

Ogólne statystyki
  • Ten quiz został rozwiązany 118 razy
    116 od ostatniego zresetowania
  • Średni wynik to 9 z 14
Statystyki odpowiedzi
Państwo Stolica % Poprawnych
Australia Canberra
94%
Fidżi Suva
89%
Nowa Zelandia Wellington
84%
Papua-Nowa Gwinea Port Moresby
79%
Samoa Apia
74%
Vanuatu Port Vila
74%
Wys. Salomona Honiara
73%
Mikronezja Palikir
69%
Nauru Yaren
61%
Tuvalu Vaiaku | Funafuti
58%
Kiribati Bairiki
55%
Tonga Nuku'alofa
55%
Palau Ngerulmud
53%
Wys. Marshalla Delap
13%
Nie znaleziono quizów pasujących do podanych kryteriów
Rozkład punktacji
Procent ludzi z każdym wynikiem
Percentyl według liczby udzielonych odpowiedzi
Twoja historia wyników
Nie rozwiązałeś tego quizu od ostatniego zresetowania